[Event "Ascona Seniors op 8th"]
[Site "Ascona"]
[Date "2009.??.??"]
[Round "?"]
[White "Schneider, Antonio"]
[Black "Schwammberger, Eugen"]
[Result "1/2-1/2"]
[WhiteElo "1970"]
[BlackElo "2010"]
[PlyCount "138"]
[EventDate "2009.11.02"]
[EventType "swiss"]
[EventRounds "9"]
[EventCountry "SUI"]
[SourceTitle "EXT 2022"]
[Source "ChessBase"]
[SourceDate "2021.10.06"]
[SourceVersion "1"]
[SourceVersionDate "2021.10.06"]
[SourceQuality "1"]

1. e4 c5 2. f4 d5 3. exd5 Qxd5 4. Nc3 Qd8 5. Nf3 Nc6 6. Bb5 Bd7 7. 0-0 Nf6 8. a4 e6 9. Ne5 Nd4 10. Nxd7 Nxd7 11. Bd3 Nf6 12. Ne4 Be7 13. c3 Nc6 14. Qe2 Qd7 15. Bc2 Rd8 16. d3 0-0 17. Be3 b6 18. Rad1 Qc7 19. Nxf6+ Bxf6 20. f5 Qe7 21. Rde1 exf5 22. Qf3 Qd7 23. Qxf5 Qxf5 24. Rxf5 Rfe8 25. Rff1 h6 26. Bf4 Rxe1 27. Rxe1 Kf8 28. Kf1 h5 29. h3 g6 30. Re3 g5 31. Bh2 Na5 32. Bd1 h4 33. Bh5 Nc6 34. Kf2 Ne7 35. Ke2 Kg7 36. Rf3 Ng6 37. Kd2 Re8 38. Re3 Rd8 39. Kc2 Ne7 40. Bf3 Nf5 41. Re1 Nd6 42. Bg1 Re8 43. Ra1 Bd8 44. a5 f5 45. axb6 Bxb6 46. Bh2 Rd8 47. Ra4 f4 48. Bg1 c4 49. Bxb6 cxd3+ 50. Kxd3 axb6 51. Rd4 Kf6 52. c4 Nf7 53. Rxd8 Nxd8 54. Kd4 Ke6 55. b4 Kd6 56. c5+ bxc5+ 57. bxc5+ Kc7 58. Ke5 Nc6+ 59. Kf5 Nd4+ 60. Kxg5 Ne6+ 61. Kxh4 Nxc5 62. Kg5 Kd6 63. Kxf4 Ke7 64. Kg5 Kf7 65. Kh6 Nd7 66. Bd5+ Kf8 67. g4 Nf6 68. Be6 Ne4 69. g5 Nxg5 1/2-1/2

[Event "Zuerich Seniors op 07th"]
[Site "Zuerich"]
[Date "2009.??.??"]
[Round "?"]
[White "Schwammberger, Eugen"]
[Black "Eggenberger, Ulrich"]
[Result "1/2-1/2"]
[WhiteElo "2013"]
[BlackElo "1928"]
[PlyCount "58"]
[EventDate "2009.01.26"]
[EventType "swiss"]
[EventRounds "9"]
[EventCountry "SUI"]
[SourceTitle "EXT 2022"]
[Source "ChessBase"]
[SourceDate "2021.10.06"]
[SourceVersion "1"]
[SourceVersionDate "2021.10.06"]
[SourceQuality "1"]

1. Nf3 e6 2. g3 f5 3. Bg2 Nf6 4. 0-0 Be7 5. b3 0-0 6. Bb2 a5 7. c4 d5 8. Qc2 c6 9. d3 Na6 10. a3 Bd7 11. Nbd2 Be8 12. Ne5 Nd7 13. Nxd7 Qxd7 14. Nf3 Bf6 15. Bxf6 Rxf6 16. Ne5 Qe7 17. Qb2 Bh5 18. b4 axb4 19. axb4 Rff8 20. Rfb1 Nc7 21. f4 Rfd8 22. Rxa8 Rxa8 23. Rc1 h6 24. Bf3 Bxf3 25. Nxf3 Ra4 26. b5 dxc4 27. bxc6 bxc6 28. Qb8+ Kh7 29. dxc4 Qc5+ 1/2-1/2

[Event "Seefeld op 18th"]
[Site "Seefeld"]
[Date "2007.09.05"]
[Round "5"]
[White "Georgiev, Georgi"]
[Black "Schwammberger, Eugen"]
[Result "1-0"]
[WhiteElo "1915"]
[BlackElo "2066"]
[PlyCount "35"]
[EventDate "2007.09.01"]
[EventType "swiss"]
[EventRounds "9"]
[EventCountry "AUT"]
[SourceTitle "EXT 2009"]
[Source "ChessBase"]
[SourceDate "2008.11.26"]
[SourceVersion "1"]
[SourceVersionDate "2008.11.26"]
[SourceQuality "1"]

1. d4 d5 2. Nf3 Nf6 3. c4 c6 4. Nbd2 g6 5. g3 Bg7 6. Bg2 0-0 7. 0-0 Nbd7 8. b3 Ne4 9. Nxe4 dxe4 10. Ng5 Nc5 11. Be3 Ne6 12. Nxe6 Bxe6 13. Bxe4 c5 14. dxc5 Bh3 15. Bxb7 Bxf1 16. Qxd8 Raxd8 17. Rxf1 Rb8 18. c6 1-0

[Event "Zuerich Seniors op 05th"]
[Site "Zuerich"]
[Date "2007.01.22"]
[Round "1"]
[White "Schwammberger, Eugen"]
[Black "Bissig, Martin"]
[Result "1/2-1/2"]
[WhiteElo "2018"]
[BlackElo "1646"]
[PlyCount "129"]
[EventDate "2007.01.22"]
[EventType "swiss"]
[EventRounds "9"]
[EventCountry "SUI"]
[SourceTitle "EXT 2022"]
[Source "ChessBase"]
[SourceDate "2021.10.06"]
[SourceVersion "1"]
[SourceVersionDate "2021.10.06"]
[SourceQuality "1"]

1. b3 c5 2. Bb2 d5 3. Nf3 Nc6 4. e3 e6 5. d4 cxd4 6. Nxd4 Bd7 7. Nd2 Nf6 8. Be2 Be7 9. 0-0 0-0 10. Bf3 Bc5 11. Nxc6 Bxc6 12. c4 Rc8 13. Rc1 d4 14. exd4 Bxd4 15. Qc2 Bxb2 16. Qxb2 Bxf3 17. Nxf3 Qb6 18. Qe2 Rfd8 19. Rfd1 Rxd1+ 20. Rxd1 Rd8 21. Rxd8+ Qxd8 22. h3 h6 23. Qe3 b6 24. Nd4 a6 25. g3 Qd6 26. Kh2 Qc5 27. f3 e5 28. Nc2 Qxe3 29. Nxe3 Nd7 30. b4 g6 31. Nd5 Kg7 32. a3 f5 33. Kg2 g5 34. f4 gxf4 35. gxf4 e4 36. Nc7 a5 37. Ne6+ Kf6 38. Nd4 Nf8 39. bxa5 bxa5 40. c5 Ne6 41. c6 Nxf4+ 42. Kf2 Nd5 43. a4 f4 44. Nb3 Ke7 45. Nxa5 Nc3 46. Nc4 Nxa4 47. c7 Kd7 48. c8Q+ Kxc8 49. Nd6+ Kd7 50. Nxe4 Ke7 51. Kf3 Nb6 52. Kxf4 Nd5+ 53. Ke5 Ne3 54. Ng3 Kf7 55. Ke4 Nc4 56. Kf4 Nd6 57. h4 Ne8 58. Nf5 Kg6 59. Ng3 Nf6 60. Ke5 Nd7+ 61. Kd6 Nf6 62. Ke6 Nh5 63. Ne4 Ng7+ 64. Ke5 Kh5 65. Kf6 1/2-1/2

[Event "Seefeld op 17th"]
[Site "Seefeld"]
[Date "2006.10.01"]
[Round "9"]
[White "Rausch, Stephan"]
[Black "Schwammberger, Eugen"]
[Result "1-0"]
[WhiteElo "2343"]
[BlackElo "2085"]
[PlyCount "67"]
[EventDate "2006.09.23"]
[EventType "swiss"]
[EventRounds "9"]
[EventCountry "AUT"]
[SourceTitle "EXT 2009"]
[Source "ChessBase"]
[SourceDate "2008.11.26"]
[SourceVersion "1"]
[SourceVersionDate "2008.11.26"]
[SourceQuality "1"]

1. d4 Nf6 2. Nf3 d5 3. c4 c6 4. Nc3 a6 5. cxd5 cxd5 6. Bf4 Nc6 7. e3 e6 8. Rc1 Bd6 9. Bg3 0-0 10. Bd3 Ne7 11. Ne5 Nf5 12. Bf4 g6 13. g4 Ng7 14. Bh6 Bd7 15. h4 Bxe5 16. dxe5 Ne4 17. Bxe4 dxe4 18. Bg5 Qc7 19. Qd4 Bb5 20. Rd1 Rfc8 21. h5 Ne8 22. a4 Bc4 23. hxg6 fxg6 24. Qxe4 b5 25. f3 b4 26. Ne2 Qf7 27. Qf4 Ra7 28. Qxf7+ Rxf7 29. Rc1 Rfc7 30. Nd4 Bb5 31. Rxc7 Rxc7 32. axb5 Rc1+ 33. Kd2 Rxh1 34. b6 1-0

[Event "Seefeld op 17th"]
[Site "Seefeld"]
[Date "2006.09.27"]
[Round "5"]
[White "Noettger, Eckard"]
[Black "Schwammberger, Eugen"]
[Result "0-1"]
[WhiteElo "1783"]
[BlackElo "2085"]
[PlyCount "113"]
[EventDate "2006.09.23"]
[EventType "swiss"]
[EventRounds "9"]
[EventCountry "AUT"]
[SourceTitle "EXT 2009"]
[Source "ChessBase"]
[SourceDate "2008.11.26"]
[SourceVersion "1"]
[SourceVersionDate "2008.11.26"]
[SourceQuality "1"]

1. d4 Nf6 2. Nf3 d5 3. e3 Bg4 4. Be2 e6 5. 0-0 Nbd7 6. c4 dxc4 7. Qa4 c6 8. Qxc4 Be7 9. Bd2 Ne4 10. Bb4 0-0 11. Bxe7 Qxe7 12. Nbd2 Ndf6 13. Rad1 Rfd8 14. Nxe4 Nxe4 15. Nd2 Nd6 16. Qd3 Bf5 17. Qb3 Rd7 18. Nc4 Nxc4 19. Qxc4 Be4 20. f3 Bg6 21. Bd3 Qg5 22. Rde1 Rad8 23. Bxg6 hxg6 24. Qe2 c5 25. Qb5 b6 26. dxc5 Rd2 27. Re2 R8d3 28. f4 Qd5 29. Rxd2 Rxd2 30. Rf2 Rd1+ 31. Rf1 Rd3 32. Rf3 Kf8 33. Qb4 Qxc5 34. Qxc5+ bxc5 35. Kf1 Rd1+ 36. Ke2 Rb1 37. b3 Rb2+ 38. Kd3 Rxa2 39. Rg3 Ke7 40. e4 Kd6 41. Kc4 Kc6 42. Rg5 Rc2+ 43. Kd3 Rc1 44. f5 exf5 45. exf5 Rd1+ 46. Kc4 Rd4+ 47. Kc3 Rh4 48. h3 Rh5 49. f6 gxf6 50. Rxh5 gxh5 51. h4 f5 52. Kd3 Kd5 53. Ke3 a5 54. Kf4 c4 55. bxc4+ Kxc4 56. Kxf5 a4 57. g4 0-1

[Event "Seefeld op 17th"]
[Site "Seefeld"]
[Date "2006.09.24"]
[Round "2"]
[White "Schwammberger, Eugen"]
[Black "Weinzettl, Ernst"]
[Result "0-1"]
[WhiteElo "2085"]
[BlackElo "2327"]
[PlyCount "96"]
[EventDate "2006.09.23"]
[EventType "swiss"]
[EventRounds "9"]
[EventCountry "AUT"]
[SourceTitle "EXT 2009"]
[Source "ChessBase"]
[SourceDate "2008.11.26"]
[SourceVersion "1"]
[SourceVersionDate "2008.11.26"]
[SourceQuality "1"]

1. d4 e6 2. Nf3 c5 3. g3 b6 4. Bg2 Bb7 5. 0-0 Nf6 6. c4 cxd4 7. Nxd4 Bxg2 8. Kxg2 Qc8 9. Qd3 Nc6 10. Nxc6 Qxc6+ 11. Qf3 Qxf3+ 12. Kxf3 Rc8 13. b3 d5 14. cxd5 Nxd5 15. Ba3 Be7 16. Bxe7 Kxe7 17. Na3 Rc3+ 18. Kg2 a6 19. Rfd1 b5 20. Rd2 Rhc8 21. Rad1 f5 22. Kf1 Rc1 23. Kg2 Rxd1 24. Rxd1 Nb4 25. Ra1 e5 26. Kf1 Ke6 27. Ke1 Rc2 28. Kd1 Rb2 29. Nb1 Nxa2 30. Nd2 a5 31. e3 e4 32. h4 Kd5 33. f4 exf3 34. Nxf3 Ke4 35. Nd4 g6 36. Nxb5 Kxe3 37. Nd6 Rh2 38. Nc4+ Kd3 39. Ne5+ Ke4 40. Nc4 Rh1+ 41. Kc2 Rxa1 42. Kb2 Rg1 43. Kxa2 Rxg3 44. Nxa5 f4 45. b4 f3 46. b5 f2 47. Nc4 Kd4 48. Nd2 Rd3 0-1

[Event "Seefeld op 17th"]
[Site "Seefeld"]
[Date "2006.09.23"]
[Round "1"]
[White "Brett, Digby"]
[Black "Schwammberger, Eugen"]
[Result "0-1"]
[WhiteElo "1855"]
[BlackElo "2085"]
[PlyCount "66"]
[EventDate "2006.09.23"]
[EventType "swiss"]
[EventRounds "9"]
[EventCountry "AUT"]
[SourceTitle "EXT 2009"]
[Source "ChessBase"]
[SourceDate "2008.11.26"]
[SourceVersion "1"]
[SourceVersionDate "2008.11.26"]
[SourceQuality "1"]

1. e4 c5 2. Nf3 d6 3. d4 cxd4 4. Nxd4 Nf6 5. Nc3 e5 6. Ndb5 a6 7. Na3 b5 8. Nd5 Be6 9. Bg5 Nbd7 10. f3 h6 11. Nxf6+ Nxf6 12. Bh4 Be7 13. Bg3 Nh5 14. Bf2 Nf4 15. c3 Qc7 16. g3 Ng6 17. Qc2 Rc8 18. Bd3 0-0 19. h4 Rfd8 20. 0-0 Nf8 21. Be3 d5 22. exd5 Bxd5 23. Qf2 Bxa3 24. Bb6 Bc5 25. Bxc5 Qxc5 26. Qxc5 Rxc5 27. Rfd1 Rcc8 28. Kf2 Ne6 29. Be2 Bc6 30. b3 Kf8 31. Rac1 Ke7 32. Bf1 Rxd1 33. Rxd1 Rd8 0-1

[Event "Weggis Seniors op 6th"]
[Site "Weggis"]
[Date "2006.04.??"]
[Round "?"]
[White "Eggenberger, Ulrich"]
[Black "Schwammberger, Eugen"]
[Result "1-0"]
[WhiteElo "1922"]
[BlackElo "1976"]
[PlyCount "111"]
[EventDate "2006.04.24"]
[EventType "swiss"]
[EventRounds "9"]
[EventCountry "SUI"]
[SourceTitle "EXT 2007"]
[Source "ChessBase"]
[SourceDate "2006.11.23"]
[SourceVersion "1"]
[SourceVersionDate "2006.11.23"]
[SourceQuality "1"]

1. d4 b6 2. Bf4 Bb7 3. Nf3 e6 4. Nbd2 c5 5. c3 Nf6 6. h3 Ne4 7. Qc2 f5 8. e3 Be7 9. Bd3 0-0 10. Nxe4 fxe4 11. Bxe4 Bxe4 12. Qxe4 Nc6 13. 0-0 cxd4 14. exd4 Rc8 15. Rfe1 Rf5 16. Bg3 Na5 17. Re2 Nc4 18. b3 Nd6 19. Qd3 Nf7 20. c4 Bf6 21. Rd1 g6 22. Ne5 Qe7 23. Nxf7 Qxf7 24. Qe4 d5 25. Qxe6 Qxe6 26. Rxe6 dxc4 27. bxc4 Rxc4 28. d5 Kf7 29. Rc6 b5 30. Rc7+ Rxc7 31. Bxc7 Ke8 32. f4 Bd8 33. Be5 Bb6+ 34. Kf1 Kd7 35. Ke2 Rf8 36. Rc1 Rc8 37. Rxc8 Kxc8 38. Kd3 a5 39. Bd4 Bd8 40. Bc5 Kd7 41. g4 Bh4 42. Ke4 Be1 43. f5 Bc3 44. Bd4 Bb4 45. Be5 Bc5 46. fxg6 hxg6 47. h4 a4 48. h5 gxh5 49. gxh5 Bf8 50. Kf5 b4 51. Ke4 Bh6 52. Kd3 Ke7 53. Kc4 Bd2 54. Bd4 Kd6 55. Bc5+ Ke5 56. Bxb4 1-0

[Event "Seefeld op 16th"]
[Site "Seefeld"]
[Date "2005.09.24"]
[Round "8"]
[White "Schwammberger, Eugen"]
[Black "Schirmer, Werner"]
[Result "1-0"]
[WhiteElo "1950"]
[BlackElo "2053"]
[PlyCount "73"]
[EventDate "2005.09.17"]
[EventType "swiss"]
[EventRounds "9"]
[EventCountry "AUT"]
[SourceTitle "EXT 2007"]
[Source "ChessBase"]
[SourceDate "2006.11.23"]
[SourceVersion "1"]
[SourceVersionDate "2006.11.23"]
[SourceQuality "1"]

1. Nf3 Nf6 2. g3 g6 3. b4 Bg7 4. Bb2 0-0 5. Bg2 d5 6. d3 c6 7. Nbd2 a5 8. bxa5 Qxa5 9. 0-0 Nbd7 10. c4 Nc5 11. Nb3 Qb4 12. Qd2 Qxd2 13. Nbxd2 Na4 14. Be5 Ng4 15. Bxg7 Kxg7 16. cxd5 cxd5 17. Rfc1 e6 18. h3 Nf6 19. Rab1 Ne8 20. Nd4 Nd6 21. Nb5 Rd8 22. Nf3 Kf6 23. Nfd4 Nxb5 24. Rxb5 Ke5 25. Rb4 Ra6 26. f4+ Kf6 27. Nf3 Nb6 28. Rb2 Nd7 29. Rbc2 Ra8 30. Kf2 Ke7 31. Rc7 f6 32. R1c2 Kd6 33. Nd4 b6 34. R2c6+ Ke7 35. Rxe6+ Kf8 36. Bxd5 Ra4 37. Nc6 1-0

[Event "Seefeld op 16th"]
[Site "Seefeld"]
[Date "2005.09.17"]
[Round "1"]
[White "Schwammberger, Eugen"]
[Black "Vrban, Damir"]
[Result "1/2-1/2"]
[WhiteElo "1950"]
[BlackElo "2133"]
[PlyCount "42"]
[EventDate "2005.09.17"]
[EventType "swiss"]
[EventRounds "9"]
[EventCountry "AUT"]
[SourceTitle "EXT 2007"]
[Source "ChessBase"]
[SourceDate "2006.11.23"]
[SourceVersion "1"]
[SourceVersionDate "2006.11.23"]
[SourceQuality "1"]

1. Nf3 f5 2. g3 Nf6 3. Bg2 g6 4. c4 Bg7 5. Nc3 0-0 6. d4 d6 7. 0-0 c6 8. Qc2 Na6 9. a3 Qe8 10. Bg5 Qf7 11. d5 e5 12. Rad1 c5 13. e4 h6 14. Bxf6 Bxf6 15. Qd2 Bg7 16. Ne1 f4 17. f3 fxg3 18. hxg3 g5 19. Nb5 Qe7 20. Nc2 Nc7 21. Nxc7 Qxc7 1/2-1/2

[Event "Weggis Seniors op"]
[Site "Weggis"]
[Date "2004.??.??"]
[Round "?"]
[White "Schwammberger, Eugen"]
[Black "Denzinger, Karl"]
[Result "0-1"]
[WhiteElo "1955"]
[BlackElo "1705"]
[PlyCount "54"]
[EventDate "2004.??.??"]
[EventType "swiss"]
[EventRounds "9"]
[EventCountry "SUI"]
[SourceTitle "EXT 2010"]
[Source "ChessBase"]
[SourceDate "2010.11.25"]
[SourceVersion "1"]
[SourceVersionDate "2010.11.25"]
[SourceQuality "1"]

1. Nf3 d5 2. e3 c5 3. d4 Nf6 4. dxc5 Qa5+ 5. Bd2 Qxc5 6. a3 Qc7 7. Bc3 e6 8. Nbd2 Be7 9. Be5 Qb6 10. Bd4 Qc7 11. Ne5 Nc6 12. Nxc6 bxc6 13. Nf3 c5 14. Be5 Qa5+ 15. b4 cxb4 16. Qd3 Bd7 17. axb4 Bxb4+ 18. Nd2 Bxd2+ 19. Qxd2 Qxd2+ 20. Kxd2 Ne4+ 21. Ke2 Bb5+ 22. Kf3 Nd2+ 23. Kf4 g5+ 24. Kxg5 Rg8+ 25. Kf4 Bxf1 26. Bc3 Ne4 27. Bd4 Bc4 0-1

[Event "Zuerich op-B 25th"]
[Site "Zuerich"]
[Date "2001.??.??"]
[Round "4"]
[White "Rexhepi, Halit"]
[Black "Schwammberger, Eugen"]
[Result "1-0"]
[WhiteElo "1888"]
[BlackElo "1989"]
[PlyCount "83"]
[EventDate "2001.12.26"]
[EventType "swiss"]
[EventRounds "7"]
[EventCountry "SUI"]
[SourceTitle "EXT 2019"]
[Source "ChessBase"]
[SourceDate "2018.10.10"]
[SourceVersion "1"]
[SourceVersionDate "2018.10.10"]
[SourceQuality "1"]

1. e4 c5 2. Nf3 Nc6 3. d4 cxd4 4. Nxd4 Nf6 5. Nc3 d6 6. Bg5 e6 7. Be2 Be7 8. 0-0 0-0 9. Qd2 Bd7 10. Rad1 a6 11. Kh1 Rc8 12. f4 Qc7 13. f5 Qb6 14. Be3 Qc7 15. Qe1 Ne5 16. Qg3 Kh8 17. Qh3 exf5 18. exf5 b5 19. a3 Rce8 20. Rf4 Ng6 21. Rf3 Rg8 22. Bg5 Qc5 23. b4 Qc8 24. Re3 Bd8 25. Rdd3 Ne5 26. Bxf6 gxf6 27. Rd1 Nc4 28. Re4 Rxe4 29. Nxe4 Be7 30. Nc3 Nb2 31. Rf1 Nc4 32. Nd5 Bd8 33. Qc3 Ne5 34. Qb3 Rg5 35. Qh3 Qb7 36. Qb3 Qc8 37. Qh3 Qb7 38. Bf3 Qc8 39. Qh6 Qc4 40. Rd1 Ng4 41. Bxg4 Rxg4 42. Ne3 1-0

[Event "Zuerich op-B 25th"]
[Site "Zuerich"]
[Date "2001.??.??"]
[Round "5"]
[White "Schwammberger, Eugen"]
[Black "Betschart, Othmar"]
[Result "1-0"]
[WhiteElo "1989"]
[BlackElo "1875"]
[PlyCount "134"]
[EventDate "2001.12.26"]
[EventType "swiss"]
[EventRounds "7"]
[EventCountry "SUI"]
[SourceTitle "EXT 2019"]
[Source "ChessBase"]
[SourceDate "2018.10.10"]
[SourceVersion "1"]
[SourceVersionDate "2018.10.10"]
[SourceQuality "1"]

1. d4 e6 2. Nf3 b6 3. g3 Bb7 4. Bg2 Nf6 5. 0-0 Be7 6. c4 0-0 7. Nc3 d5 8. Ne5 c5 9. e3 Na6 10. cxd5 exd5 11. Qa4 c4 12. Nxc4 Nb4 13. Ne5 a6 14. a3 b5 15. Qb3 Nc6 16. Nxd5 Na5 17. Nxe7+ Qxe7 18. Qd1 Bxg2 19. Kxg2 Ne4 20. f3 f6 21. Nd3 Ng5 22. h4 Nf7 23. b3 f5 24. Bd2 Nb7 25. Re1 Rfd8 26. Bb4 Qf6 27. Rc1 a5 28. Bc5 g5 29. hxg5 Nxg5 30. Qe2 Re8 31. Ne5 Qh6 32. Rh1 Qa6 33. Rc2 Rac8 34. Nd3 Qe6 35. Kf2 Qxb3 36. Rb2 Qc4 37. Rh5 Ne6 38. Rxf5 Rc6 39. Ne5 Qxe2+ 40. Kxe2 Ng7 41. Rg5 Rc7 42. Rxb5 h6 43. Rg6 Nxc5 44. Ng4 Nce6 45. Nf6+ Kf7 46. Nxe8 Nxe8 47. Rxh6 Ra7 48. Rb6 N6c7 49. e4 a4 50. Ke3 Ra5 51. Rb7 Kg8 52. Rc6 Nb5 53. Rc5 Ned6 54. Rd7 Ra8 55. g4 Rb8 56. e5 Ne8 57. e6 Nxa3 58. Rg5+ Kh8 59. Rh5+ Kg8 60. Rh6 Nb5 61. g5 a3 62. Rh1 a2 63. Kd3 Ra8 64. Ra1 Kf8 65. f4 Ng7 66. f5 Kg8 67. e7 Kf7 1-0